Statystyki dla Największe miasta hiszpańskojęzyczne

Kliknij tutaj aby rozwiązać quiz!

Ogólne statystyki

  • Ten quiz został rozwiązany 10 185 razy
    (5 284 od ostatniego zresetowania)
  • Średni wynik to 9 z 25

Statystyki odpowiedzi

LudnośćMiasto% Poprawnych
6,85 mlnMadryt
96%
4,95 mlnBarcelona
93%
24,9 mlnMeksyk
81%
16,7 mlnBuenos Aires
77%
10,2 mlnBogota
62%
11,6 mlnLima
61%
8,05 mlnSantiago
59%
3,78 mlnCaracas
52%
2,23 mlnLa Paz
46%
2,88 mlnQuito
41%
2,23 mlnHawana
35%
4,23 mlnMedellin
30%
5,75 mlnGuadalajara
27%
2,45 mlnAsuncion
26%
2,43 mlnSan Jose
22%
3,33 mlnGwatemala
21%
4,18 mlnSanto Domingo
21%
2,93 mlnCali
18%
5,85 mlnMonterrey
18%
2,33 mlnSanta Cruz
8%
3,28 mlnGuayaquil
7%
2,75 mlnMaracaibo
7%
4,18 mlnPuebla
7%
2,23 mlnLeon
6%
2,65 mlnToluca
4%

Rozkład punktacji

Percentyl według liczby udzielonych odpowiedzi

Procent ludzi z każdym wynikiem

Twoja historia wyników

Nie rozwiązałeś tego quizu od ostatniego zresetowania